Central Library OPAC University of Rajshahi

Women in the fine arts, from the seventh century B.C. to the twentieth century A.D. / (Record no. 16956)

MARC details
000 -LEADER
fixed length control field 00751nam a2200241 i 4500
001 - CONTROL NUMBER
control field 16956
003 - CONTROL NUMBER IDENTIFIER
rucl marc code BD-RjUL
005 - DATE AND TIME OF LATEST TRANSACTION
control field 20211209000053.0
008 - FIXED-LENGTH DATA ELEMENTS--GENERAL INFORMATION
fixed length control field 140215r19741904nyua 000 0ceng
020 ## - INTERNATIONAL STANDARD BOOK NUMBER
International Standard Book Number 0878171509
035 ## - SYSTEM CONTROL NUMBER
System control number (BD-RjUL)17012
040 ## - CATALOGING SOURCE
Original cataloging agency DLC
Transcribing agency DLC
Modifying agency BD-RjUL
Language of cataloging eng
041 ## - LANGUAGE CODE
Language code of text/sound track or separate title eng
082 00 - DEWEY DECIMAL CLASSIFICATION NUMBER
Classification number 709.22
Author mark and year CLW 1974
100 1# - MAIN ENTRY--PERSONAL NAME
Personal name Clement, Clara Erskine
Dates associated with a name 1834-1916.
9 (RLIN) 52324
245 10 - TITLE STATEMENT
Title Women in the fine arts, from the seventh century B.C. to the twentieth century A.D. /
Statement of responsibility, etc. Clara Erskine Clement.
260 ## - PUBLICATION, DISTRIBUTION, ETC. (IMPRINT)
Place of publication, distribution, etc. New York :
Name of publisher, distributor, etc. Hacker Art Books,
Date of publication, distribution, etc. 1904 [reissued 1974].
300 ## - PHYSICAL DESCRIPTION
Pagination li, 395 p. :
Illustrations ill. ;
Size 21 cm.
650 #0 - SUBJECT ADDED ENTRY--TOPICAL TERM
Topical term or geographic name as entry element Women artists
General subdivision Biography.
9 (RLIN) 52325
942 ## - ADDED ENTRY ELEMENTS (KOHA)
Source of classification or shelving scheme Dewey Decimal Classification
Koha item type Books
Holdings
Lost status Source of classification or shelving scheme Damaged status Not for loan Collection code Permanent Location Current Location Shelving location Date acquired Source of acquisition Cost, normal purchase price Total Checkouts Full call number Date last seen Copy number Koha item type
  Dewey Decimal Classification   Not For Loan Non-fiction Central Library, University of Rajshahi Central Library, University of Rajshahi Reading Room 15/11/1980 Heffer 10.00   709.22 CLW 1974 15/02/2014 C-1 Books